| 000 | 01224cam a2200289 a 4500 | ||
|---|---|---|---|
| 999 |
_c7803 _d7803 |
||
| 003 | OSt | ||
| 005 | 20200521135705.0 | ||
| 008 | 070206s2007 nyuabe b 000 0 eng | ||
| 020 | _a9781568986852 (alk. paper) | ||
| 020 | _a1568986858 (alk. paper) | ||
| 035 | _a(OCoLC)ocm83608206 | ||
| 082 | 0 | 0 |
_a635.9671WER _222 |
| 100 | 1 |
_aWerthmann, Christian, _d1964- |
|
| 245 | 1 | 0 |
_aGreen roof : _ba case study / _cChristian Werthman. |
| 250 | _a1st ed. | ||
| 260 |
_aNew York : _bPrinceton Architectural Press, _cc2007. |
||
| 300 |
_a159 p. : _bill. (some col.), col. map, plans (some col.) ; _c24 cm. |
||
| 500 | _a"Michael Van Valkenburgh Associates' design for the headquarters of the American Society of Landscape Architects." | ||
| 504 | _aIncludes bibliographical references (p. 158-159). | ||
| 650 | 0 | _aGreen roofs (Gardening) | |
| 650 | 0 |
_aGreen roofs (Gardening) _zWashington (D.C.) _vCase studies. |
|
| 710 | 2 | _aMichael Van Valkenburgh Associates. | |
| 710 | 2 | _aAmerican Society of Landscape Architects. | |
| 856 | 4 | 1 |
_3Table of contents only _uhttp://www.loc.gov/catdir/toc/ecip0710/2007004171.html |
| 856 | 4 | 2 |
_3Publisher description _uhttp://www.loc.gov/catdir/enhancements/fy0722/2007004171-d.html |
| 942 | _2ddc | ||